Statistics for March 23th: Birthdays

Click here to take the quiz!

General Stats

  • This quiz has been taken 8 times
  • The average score is 2 of 9

Answer Stats

YearClueAnswer% Correct
1992Cleveland Cavaliers playerKyrie Irving
63%
1929First person to run 4 miles in under 4 minutesRoger Bannister
50%
1912Rocket Scientist in I Aim at the StarsWernher von Braun
38%
1905Actress in Mildred PierceJoan Crawford
25%
1910Named "Asian of the Century"Akira Kurosawa
0%
1693Discovered Earth's nutation motionJames Bradley
0%
1430Wife of King Henry VIMargaret of Anjou
0%
1978Blogger/TV PersonalityPerez Hilton
0%
1952Former US Secratary of StateRex Tillerson
0%

Score Distribution

Percentile by Number Answered

Percent of People with Each Score

Your Score History

You have not taken this quiz